000 00212 a2200097 4500
001 45718
100 _aLewis B
245 _aThe world of Islam
260 _aLondon
_bThames and Hudson
_c
090 _c28878
_d28878
942 _aNUST-CAE
_cM
_c20977
999 _c280791
_d280791